Injective modules
Збережено в:
| Автори: | , |
|---|---|
| Формат: | Книга |
| Мова: | Англійська |
| Опубліковано: |
Cambridge
Cambridge University
1972
|
| Серія: | Cambridge Tracts in Mathematics and Mathematical Physics, 62
|
| Предмети: | |
| Теги: |
Додати тег
Немає тегів, Будьте першим, хто поставить тег для цього запису!
|
MARC
| LEADER | 00000nam a2200000 a 4500 | ||
|---|---|---|---|
| 001 | UCQ9181 | ||
| 003 | CL-VaPUC | ||
| 008 | 981230e19720000uk |||||||||||||||||eng|d | ||
| 082 | 0 | 4 | |a 512.4 |b SHA |2 21 |
| 100 | 0 | |a Sharpe, D. W |e author |9 423641 | |
| 700 | 0 | |a Vámos, P |e author |9 423642 | |
| 245 | 1 | 0 | |a Injective modules |
| 300 | |a 190 p | ||
| 942 | |c BK | ||
| 945 | |d 19981230 00:00:00 |a crobeson | ||
| 260 | |a Cambridge |b Cambridge University |c 1972 | ||
| 650 | 0 | |a Módulos |9 356144 | |
| 650 | 0 | |a Álgebra conmutativa |9 269932 | |
| 650 | 0 | |a Teoría de anillos |9 342207 | |
| 583 | |a last modification |c 20130806 07:03:09 |k Rodrigo Vera | ||
| 490 | 0 | |a Cambridge Tracts in Mathematics and Mathematical Physics, 62 | |
| 999 | |c 278271 |d 278269 | ||
| 952 | |0 0 |1 0 |4 0 |6 512_400000000000000_SHA_1972 |7 0 |8 A |9 316732 |a BIBMAT |b BIBMAT |d 2019-11-20 |i 1312901 |o 512.4 SHA 1972 |p 1312901 |r 2025-01-07 |w 2019-11-20 |y BK |k MAT | ||